| 000 | 00974nam a22002057a 4500 | ||
|---|---|---|---|
| 008 | 230316s2022 xxk|||||o|||| 00| 0 eng d | ||
| 041 | _aeng | ||
| 245 | _aRetentions Payments under NEC Contracts | ||
| 260 |
_bConstruction Leadership Council, _cNovember 2022 |
||
| 300 | _a5p. | ||
| 520 | _aThe Construction Leadership Council (CLC) in collaboration with NEC has published joint guidance to industry on the use of retention clauses under NEC3 and NEC4 Engineering and Construct Contracts (ECC), and sub-contracts. | ||
| 650 | _aRETENTION PAYMENTS | ||
| 650 | _aNEC CONTRACTS | ||
| 651 | _aInternational | ||
| 690 |
_96230 _aConstruction management |
||
| 710 | _aConstruction Leadership Council | ||
| 710 | _aNEC Contracts | ||
| 856 |
_uhttps://www.constructionleadershipcouncil.co.uk/wp-content/uploads/2022/11/NEC-and-CLC-Guidance-for-Dealing-with-Retention-Payments-Under-NEC3-and-NEC4-Contracts-15.11.22.pdf _zAvailable from the CLC |
||
| 942 | _n0 | ||
| 999 |
_c121396 _d121396 |
||